| 000 | 01125 a2200217 4500 | ||
|---|---|---|---|
| 005 | 20080826143350.0 | ||
| 008 | 080826t xxu||||| |||| 00| 0 hin d | ||
| 010 | _aHIN-83139 | ||
| 020 |
_c50.00 _a8188123706 |
||
| 035 | _aHN-55485 | ||
| 037 | _bपु.प्र.अ.प्र/प्रका | ||
| 082 | _a634.956 | ||
| 100 | _aजगन्नाथ प्रभाकर | ||
| 245 |
_aप्रकृति के उद्यान में / _cजगन्नाथ प्रभाकर |
||
| 246 |
_aPrakiti ke Udyaan mein _bby Jagannath Prabhakar |
||
| 260 |
_aदिल्ली _bहिमाचल पुस्तक भंडार _c2007 |
||
| 270 |
_aix/221, सरस्वती भंडार, गांधीनगर _bदिल्ली _e110031 |
||
| 300 |
_a80पृ _c22 सेमी (सजिल्द) |
||
| 942 |
_adpl _cHN _k634.956 / जगन्ना _2ddc _h634.956 _mजगन्ना |
||
| 999 |
_c11748 _d11748 |
||